| 000 | 00625nam a22001937a 4500 | ||
|---|---|---|---|
| 999 |
_c525452 _d525452 |
||
| 003 | NUST | ||
| 005 | 20190702070105.0 | ||
| 008 | 190702b ||||| |||| 00| 0 eng d | ||
| 038 | _aMr. Zahoor | ||
| 082 | _a621.39 | ||
| 100 |
_aFarooq, Sumaiyya _916335 |
||
| 245 |
_aEstimation of Congestion of Pilgrims in Hajj and Umrah Congregation Using Image and Video Analytic / _cSumaiyya Farooq |
||
| 260 |
_aIslamabad : _bCEME - NUST, _c2016. |
||
| 300 |
_axii, 54 p. : ill. ; _c30cm. |
||
| 500 | _aHardcover. | ||
| 650 |
_aComputer Engineering - MS Thesis _916083 |
||
| 700 |
_aDr. Shoab Ahmed Khan _916053 |
||
| 942 |
_2ddc _cTHE |
||